Catholic University of Zimbabwe Library
Online Public Access Catalogue
(OPAC)

Samurai (Record no. 11259)

MARC details
000 -LEADER
fixed length control field 00396 a2200121 4500
020 ## - INTERNATIONAL STANDARD BOOK NUMBER
International Standard Book Number 1841767409
005 - DATE AND TIME OF LATEST TRANSACTION
control field 20191017174152.0
084 ## - OTHER CLASSIFICATION NUMBER
Classification number DS827.S3 T8765 2003
245 ## - TITLE STATEMENT
Title Samurai
Remainder of title : the world of the warrior
Medium print
260 ## - PUBLICATION, DISTRIBUTION, ETC.
Place of publication, distribution, etc. enk
Name of publisher, distributor, etc. Osprey
Date of publication, distribution, etc. 2003
300 ## - PHYSICAL DESCRIPTION
Extent 224 p. : ill. (some col.), col. maps
Other physical details 25 cm.
Dimensions 224 p. : ill. (some col.), col. maps ; 25 cm.
500 ## - GENERAL NOTE
General note Stephen Turnbull.
700 ## - ADDED ENTRY--PERSONAL NAME
Personal name Turnbull, Stephen R.

No items available.

OPENING HOURS

Weekdays: 0815hrs - 1800hrs
Weekends:0900hrs - 1200hrs

Closed for Mass:

Mon, Thur: 1200hrs - 1300hrs
Sunday & Public Holiday’s

CALL SUPPORT

0242-570570, 0242-570169
09200664, +263 8644140602

LOCATION

18443, Cranborne Avenue, Hatfield, Harare

Other Links


©2021 | CUZ Library